000 002700000a22000970004500
100 1 _aNeira, Enrique
245 1 0 _aUna interpretación de Cristo a la luz de la evolución
300 _aVol. 25, Núm 3 (1975), Páginas 77-89
773 0 _tTheologica xaveriana
942 _cANA
999 _c53124
_d53124